| 000 | 00643cam a2200205 i 4500 | ||
|---|---|---|---|
| 005 | 20260202103831.0 | ||
| 008 | 250721s2011 ua gr 000 0 ara d | ||
| 020 | _a9776177186 | ||
| 082 | 1 | 4 |
_a168 _bب ر ن |
| 100 | 1 |
_aبرنتسي، جوزيف _eمؤلف. |
|
| 245 | 1 | 2 |
_aالتفاوض الفعال / _cجوزيف برنتسي. |
| 250 | _aالطبعة الأولى. | ||
| 264 | 3 | 1 |
_bدار الخلود للتراث، _c2011. _aالقاهرة : |
| 300 | _a367 صفحة. | ||
| 650 | 1 | 7 | _aعلم النفس. |
| 650 | 1 | 7 | _aالاقناع. |
| 650 | 1 | 7 | _aالمفاوضات. |
| 942 |
_2ddc _cBK |
||
| 999 |
_c125782 _d125782 |
||